Tre lezioni un'ora di architettura (Registro nro. 12422)
[ vista simple ]
| 000 -LEADER | |
|---|---|
| longitud fija campo de control | 01054nam a22003257a 4500 |
| 003 - IDENTIFICADOR DE NUMERO DE CONTROL | |
| control del campo | AR-RoUNA |
| 005 - FECHA DE LA ULTIMA MODIFICACION | |
| control del campo | 20260522114139.0 |
| 008 - CAMPO DE CONTROL - LIBROS | |
| longitud fija campo de control | 260521b |||||||| |||| 00| 0 spa d |
| 020 ## - INTERNATIONAL STANDARD BOOK NUMBER | |
| ISBN | 978-88-98262-94-6 |
| 040 ## - ORIGEN DE LA CATALOGACION | |
| Agencia que cataloga la obra original | AR-RoUNA |
| Idioma en que se cataloga | spa |
| Entidad que modifico el registro | AR-RoUNA |
| 041 ## - CODIGO DE IDIOMA | |
| Codigo de idioma del texto / sonido o titulo separado | ita |
| 044 ## - CODIGO DE PAIS / ENTIDAD PRODUCTORA | |
| Codigo MARC del pais | ag |
| 100 1# - ASIENTO PRINCIPAL - NOMBRE PERSONAL | |
| Nombre personal | Moccia, Carlo |
| 9 (RLIN) | 27738 |
| 245 10 - TITULO PROPIAMENTE DICHO | |
| Titulo | Tre lezioni un'ora di architettura |
| Mencion de responsabilidad, etc | / Carlo Moccia; Renato Rizzi y Uwe Schoder |
| 250 ## - MENCION DE EDICION | |
| Edicion declarada | 1a. ed. |
| 260 ## - EDITORIAL - PUBLICACION, DISTRIBUCION, ETC. (Pie de imprenta) | |
| Lugar de publicacion, distribucion, etc | Italia: |
| Nombre del editor, distribuidor, etc | Aion Edizioni Firenze, |
| Fecha de publicacion | 2021. |
| 300 ## - DESCRIPCION FISICA | |
| Extension | 48 p.: |
| Otros detalles fisicos | il. byn., |
| Dimensiones | 17x12 cm |
| 505 0# - NOTA DE CONTENIDO CON FORMATO | |
| Título | INDICE |
| 505 0# - NOTA DE CONTENIDO CON FORMATO | |
| Título principal | Federica Visconti; Renato Capozzi / Triadora: un prefacio. p. 7<br/><br/> |
| 505 0# - NOTA DE CONTENIDO CON FORMATO | |
| Título principal | Carlo Moccia / Arquitecura: misura de la tierra. p. 11 |
| 505 0# - NOTA DE CONTENIDO CON FORMATO | |
| Título | Renato Rizzi / La forma de la historia. p. 26 |
| 505 0# - NOTA DE CONTENIDO CON FORMATO | |
| Título | Uwe Schroder / Una lección romántica. p. 34 |
| 700 1# - ENTRADA SECUNDARIA - NOMBRES PERSONALES | |
| Nombre personal | Rizzi, Renato |
| 9 (RLIN) | 27739 |
| 700 1# - ENTRADA SECUNDARIA - NOMBRES PERSONALES | |
| Nombre personal | Schoder, Uwe |
| 9 (RLIN) | 27740 |
| 908 ## - SOPORTE | |
| Soporte | Imp |
| 930 ## - ACCESION | |
| Numero de accesion (NR) | 12332 |
| 942 ## - FUENTE DE CLASIFICACION | |
| Clasificacion | Universal Decimal Classification |
| Tipo de item | Libro |
| 945 ## - INFORMACION DE PROCESAMIENTO | |
| Fecha de ingreso o modificacion | 2026-05-21 |
| 980 ## - DECLARACIÓN DE EQUIVALENCIA O SERIE DE REFERENCIA CRUZADA - NOMBRE / TÍTULO PERSONAL [LOCAL, CANADÁ] | |
| Código del operador | 5 |
| Nombre del operador | María Machado |
| Código del operador que modifico el registro | 1 |
| Nombre del operador que modifico el registro | Maricel Allasia |
| Estado retiro | Estado perdido | Sistema de clasificacion | Estado general | Biblioteca de origen | Ubicacion actual | Localizacion en estante | Fecha de adquisicion | Fuente de adquisicion | Prestamos totales | Signatura y librística | Proveedor | Numero de ejemplar | Tipo de elemento KOHA | Nota no publica |
|---|---|---|---|---|---|---|---|---|---|---|---|---|---|---|
| Disponible | Disponible | udc | No dañado | Arq. Hilarión H. Larguia | Arq. Hilarión H. Larguia | Tec | 21/05/2026 | Don | 72.01 M687 | 18498 | ej. 1 | Libro |